000 00477nam a2200157Ia 4500
008 240729s9999 xx 000 0 und d
022 _a2154-7149
245 0 _aJournal of Western Archives
260 _aUnited States
260 _bUtah State University
650 _a Information resources (General)
650 _aBibliography. Library science. Information resources
856 _uhttps://doaj.org/toc/4f973b94b1b84605bc09b93d1be2c748
942 _2ddc
942 _cDOAJEJ
999 _c71126
_d71126
945 _a1
_bMadushi Gamage
_c1
_dMadushi Gamage